Zahrada snů waltz /

Main Author: Běhounek, Kamil, 1916-1983
Other Authors: Pokorný, Václav, 1918-2011, Kozel, Karel, 1914-1983, Petzný, Josef, 1890-1967, Petr, Zdeněk, 1919-1994, Vojkůvka, Alois, 1903-1977, Soukal, František, 1915-
Language: No linguistic content
Published: Praha : Dvorský, 1940
Physical Description: 13 hlasů
Musical Score Musical Score
Saved in:
LEADER 01264ncm a22003012a 4500
001 001234030
003 CZ BrMZK
005 20150224145752.0
007 qu
008 120725s1940 xr |||||||||||||||||zxx d
040 |a BOA001  |b cze 
072 7 |a 785  |x Instrumentální hudba. Symfonická hudba. Hudba pro více nástrojů  |2 Konspekt  |9 9 
100 1 |a Běhounek, Kamil,  |d 1916-1983  |7 jn20000400335  |4 cmp 
245 1 0 |a Zahrada snů  |h [hudebnina] :  |b waltz /  |c Kamil Běhounek ; arr. Václav Pokorný ; slova Karel Kozel. Maria : waltz / Josef Petzný ; arr. Zdeněk Petr ; slova Alois Vojkůvka a Franta Soukal 
260 |a Praha :  |b Dvorský,  |c 1940 
300 |a 13 hlasů 
500 |a Pro universální orchestr 
700 1 |a Pokorný, Václav,  |d 1918-2011  |7 ola2002108019  |4 arr 
700 1 |a Kozel, Karel,  |d 1914-1983  |7 jk01062600  |4 lyr 
700 1 |a Petzný, Josef,  |d 1890-1967  |7 ola200204796  |4 cmp 
700 1 |a Petr, Zdeněk,  |d 1919-1994  |7 jn99240000868  |4 arr 
700 1 |a Vojkůvka, Alois,  |d 1903-1977  |7 jk01150345  |4 lyr 
700 1 |a Soukal, František,  |d 1915-  |7 mzk2015860807  |4 lyr 
740 0 2 |a Maria 
910 |a BOA001  |b Mus4-0435.004 
990 |a MU 
991 |b 201207 
996 6 |b 2619062983  |c Mus4-0435.004  |l MZK  |r Sklad / do 1 hodiny  |n 0  |w 001267980  |u 000010  |a 1  |e BOA001  |j MZK50  |s P